UBT Library

Dimensions of human behavior. (Record no. 1360)

000 -LEADER
fixed length control field 00659nam a22002177a 4500
008 - FIXED-LENGTH DATA ELEMENTS--GENERAL INFORMATION
fixed length control field 151116b xxu||||| |||| 00| 0 eng d
020 ## - INTERNATIONAL STANDARD BOOK NUMBER
International Standard Book Number 9781412976411
041 0# - LANGUAGE CODE
Language code of text/sound track or separate title eng
080 ## - UNIVERSAL DECIMAL CLASSIFICATION NUMBER
Universal Decimal Classification number 656.07
245 00 - TITLE STATEMENT
Title Dimensions of human behavior.
Statement of responsibility, etc Elizabeth D. Hutchison and contributors.
246 30 - VARYING FORM OF TITLE
Title proper/short title Changing life course
250 ## -
-- 4th ed.
260 ## -
-- Los Angeles :
-- SAGE,
-- 2011.
300 ## -
-- xxv, 539 f. :
-- me il.;
-- 26 cm.
650 #0 -
-- Psikologjia sociale
650 #0 -
-- Sjellja organizative
650 #0 -
-- Struktura shoqërore
650 #0 -
-- Shërbimet shoqërore
700 1# -
-- Hutchison, Elizabeth D.
942 ## - ADDED ENTRY ELEMENTS (KOHA)
Source of classification or shelving scheme
Item type Books
Holdings
Withdrawn status Lost status Source of classification or shelving scheme Damaged status Not for loan Collection code Permanent location Current location Shelving location Date acquired Total Checkouts Full call number Barcode Date last seen Koha item type
          Koleksioni i përgjithshem UBT - Lipjan UBT - Lipjan Koleksioni i përgjithshem 11/16/2015   656.07 HUT 002-008671 11/16/2015 Books
UBT Library © 2015-2024. All rights reserved University Education for Business and Technology